000 00421nam a2200157Ia 4500
008 160316s2003 xxu||||| |||| 00| 0 eng d
082 _a346.066260
_bBAI
100 _aBainbridge Stephen M
245 _aMergers and acquisitions
250 _a
260 _aNew York
_bFoundation Press
_c2003
300 _a454p
_b
_cv
365 _bGratis
650 _a1. Corporate Law - Mergers - Acquisitions - U S A.
700 _a
_a
999 _c22591
_d22591